000 00628nam a2200181 i 4500
001 43203
003 ES-MaACL
005 20230906160741.0
007 t|
008 030317s1969 sp ||||1| spa d
100 1 _aCerteau, Michel de.
_937579
245 1 3 _aLa soledad
_b: una verdad olvidada de la comunicación con los demás /
_cMiguel de Certeau, Francisco Roustang ; [versión de Pepita Castillo Aparicio].
260 _a[Bilbao] :
_bDesclée de Brouwer,
_c[1969]
300 _a247 p. ;
_c21 cm.
700 1 _aRoustang, Francisco.
_9100091
700 1 _aCastillo, Josefa.
_9174322
852 _aES-MaACL
_jC-35976
_bR.68972
999 _c43203
_d43203